| 000 | 00544cam a22001934a 4500 | ||
|---|---|---|---|
| 005 | 20250605164402.0 | ||
| 008 | 250528s ||||||||||||||||||||||||d | ||
| 035 | _a24637 | ||
| 040 |
_aGR-AtMCL _bgre _dGR-AtMCL _eAACR2 |
||
| 245 | 1 | _aTom McAlpin President and CEO, Virgin Voyages | |
| 260 | _c2020 | ||
| 300 | _a120 | ||
| 520 | _aCrystal Ball, Global Cruise Outlook, Changing Chairs, The Big Issue. | ||
| 700 | 1 |
_aMunoz Tony _99497 |
|
| 942 | _cCR | ||
| 710 | 2 |
_aThe Marketing Week _99825 |
|
| 999 |
_c9505 _d9505 |
||